Quy tắc mô tả tài liệu thư viện

Sách nêu lên một số quy tắc chung về biên mục và cụ thể từng quy tắc mô tả,và phần chọn tiêu đề chủ đề,bảng tra chủ đề và danh mục xuất bản

Enregistré dans:
Détails bibliographiques
Auteur principal: Nguyễn, Thị Loan
Format: Livre
Langue:Undetermined
Publié: Hà Nội Thông tin và truyền thông 2011
Sujets:
Tags: Ajouter un tag
Pas de tags, Soyez le premier à ajouter un tag!
Thư viện lưu trữ: Trung tâm Học liệu Trường Đại học Cần Thơ
LEADER 00935nam a2200217Ia 4500
001 CTU_180140
008 210402s9999 xx 000 0 und d
020 |c 150000 
082 |a 025.32 
082 |b L406 
100 |a Nguyễn, Thị Loan 
245 0 |a Quy tắc mô tả tài liệu thư viện 
245 0 |c Nguyễn Thị Kim Loan (Chủ biên) ,Phạm Thị Hạnh , Lê Thị Nguyệt 
260 |a Hà Nội 
260 |b Thông tin và truyền thông 
260 |c 2011 
520 |a Sách nêu lên một số quy tắc chung về biên mục và cụ thể từng quy tắc mô tả,và phần chọn tiêu đề chủ đề,bảng tra chủ đề và danh mục xuất bản 
650 |a Cataloging,Biên mục mô tả,Descriptive cataloguing 
650 |x Quy tắc,Rules 
904 |i Sony 
980 |a Trung tâm Học liệu Trường Đại học Cần Thơ